| 000 | 00675nam a22001817a 4500 | ||
|---|---|---|---|
| 001 | 10068 | ||
| 003 | FISKH | ||
| 005 | 20260403111457.0 | ||
| 008 | 260403b cb ||||| |||| 00| 0 eng d | ||
| 040 |
_aFISKH _bchi _cFISKH _dFISKH |
||
| 082 | _a398.2 | ||
| 100 | _a孙蓓 | ||
| 245 |
_a小红帽 ( Little Red Riding Hood ) / _c孙蓓 |
||
| 300 |
_a20 pages : _bcolor illustrations ; _c21 cm . |
||
| 520 | _a《小红帽》讲述了一个小女孩去看望奶奶的故事。在路上,她遇到了大灰狼。大灰狼骗她,先到奶奶家,把奶奶藏起来,然后假装成奶奶。最后,小红帽被猎人救出来。 | ||
| 942 |
_2ddc _cBOOK _n0 |
||
| 999 |
_c10068 _d10068 |
||